Flags of the Parishes of Andorra - Statistics

General Stats
  • This quiz has been taken 59 times
    58 since last reset
  • The average score is 6 of 7
Answer Stats
Picture Answer % Correct
Andorra la Vella
91%
Escaldes-Engordany
88%
La Massana
88%
Encamp
79%
Ordino
73%
Canillo
70%
Sant Julià de Lòria
70%
No matching quizzes found
Score Distribution
Percent of People with Each Score
Percentile by Number Answered
Your Score History
You have not taken this quiz since the last reset